Cultural calendar of the 20th Century

Bibliographic Details
Main Author: lucie-Smith, Edward
Format: Book
Published: Oxford : Phaidon Press Limited , 1979
Subjects:

MARC

LEADER 00000cam a2200000 7i4500
001 0000026489
002 000028579
005 20131104.0
020 |a 0714819301 
090 0 0 |a 700.904   |b LUC 
100 1 |a lucie-Smith, Edward 
245 1 0 |a Cultural calendar of the 20th Century   |c Edward Lucie-Smith 
260 |a Oxford :   |b Phaidon Press Limited ,   |c 1979 
300 |a 184p. :   |b ill ;   |c 29cm. 
650 0 0 |a Arts, Modern   |y 20th century   |x Chronology 
999 |a 0000408   |b BUKU   |c PINJAMAN   |e PERPUSTAKAAN KOMUNITI PETALING JAYA